Lo esencial sobre el cristianismo / (Record no. 36881)

MARC details
000 -LEADER
campo de control de longitud fija 00792nam a2200229 i 4500
001 - NÚMERO DE CONTROL
campo de control 36881
003 - IDENTIFICADOR DE NÚMERO DE CONTROL
campo de control ES-MaACL
005 - FECHA Y HORA DE LA ÚLTIMA TRANSACCIÓN
campo de control 20230906155448.0
007 - CAMPO FIJO DE DESCRIPCIÓN FÍSICA--INFORMACIÓN GENERAL
campo de control de longitud fija t|
008 - DATOS DE LONGITUD FIJA--INFORMACIÓN GENERAL
campo de control de longitud fija 030219s1963 sp ||||1| spa d
100 1# - ENTRADA PRINCIPAL--NOMBRE DE PERSONA
Nombre de persona Brazzola, André.
9 (RLIN) 31531
245 13 - MENCIÓN DEL TÍTULO
Título Lo esencial sobre el cristianismo /
Mención de responsabilidad, etc. André Brazzola ; esculturas de José Ricart realizadas para esta edición ; fotografías de Antonio Rosich ; [traducción de Alfonso Romeu].
260 ## - PUBLICACIÓN, DISTRIBUCIÓN, ETC.
Lugar de publicación, distribución, etc. Barcelona :
Nombre del editor, distribuidor, etc. Nova Terra,
Fecha de publicación, distribución, etc. 1963.
300 ## - DESCRIPCIÓN FÍSICA
Extensión 130 p., 6 lám. ;
Dimensiones 16 cm.
490 1# - MENCIÓN DE SERIE
Mención de serie El gramo de mostaza
700 1# - ENTRADA AGREGADA--NOMBRE PERSONAL
Nombre de persona Ricart, José.
9 (RLIN) 96860
700 1# - ENTRADA AGREGADA--NOMBRE PERSONAL
Nombre de persona Rosich, Antonio.
9 (RLIN) 99780
700 1# - ENTRADA AGREGADA--NOMBRE PERSONAL
Nombre de persona Romeu, Alfonso.
9 (RLIN) 99456
830 0# - PUNTO DE ACCESO ADICIONAL DE SERIE-TÍTULO UNIFORME
Título uniforme El gramo de mostaza
9 (RLIN) 229614
852 ## - LOCALIZACIÓN
Ubicación ES-MaACL
Número de control de estantería F-3577
Sublocalización o colección R.54012
Holdings
Estatus retirado Estado de pérdida Estado de daño No para préstamo Biblioteca de origen Biblioteca actual Ubicación en estantería Fecha de adquisición Fuente de adquisición Total de préstamos Signatura topográfica completa Código de barras Visto por última vez Precio de reemplazo Tipo de ítem Koha
        Biblioteca del Ateneo de Madrid Biblioteca del Ateneo de Madrid Depósito 2 17/01/2008     F-3577 1038786 23/02/2023 23/02/2023 Libro impreso